Loading...
| History - European | 0 | 3 | 0 | 2 | 30 | 41 | 63.00 | 0 | 2 | 10.99 | 14.77 |
| History - Other | 0 | 2 | 0 | 1 | 20 | 60 | 64.50 | 0 | 1 | 7.43 | 11.36 |
| Geography | 0 | 2 | 0 | 0 | 20 | 25 | 51.00 | 0 | 0 | 15.57 | 16.07 |
| Religion | 0 | 2 | 0 | 0 | 20 | 34 | 46.50 | 1 | 2 | 10.67 | 15.91 |
| Science - Chemistry | 0 | 2 | 0 | 1 | 20 | 66 | 79.50 | 0 | 1 | 3.09 | 9.09 |
| History - American | 0 | 2 | 0 | 0 | 20 | 45 | 61.50 | 0 | 1 | 7.80 | 11.36 |
| Science - Physics | 0 | 1 | 0 | 0 | 10 | 66 | 66.00 | 0 | 0 | 3.54 | 4.55 |
| Current Events | 0 | 1 | 0 | 0 | 10 | 74 | 74.00 | 0 | 1 | 6.42 | 15.00 |
| Social Science | 0 | 1 | 0 | 0 | 10 | 61 | 61.00 | 0 | 0 | 6.36 | 5.36 |
| History - World | 0 | 1 | 0 | 1 | 10 | 100 | 100.00 | 0 | 0 | 0.75 | 3.41 |
| Literature - American | 0 | 1 | 0 | 0 | 10 | 106 | 106.00 | 0 | 0 | 0.78 | 2.27 |
| Literature - European | 0 | 1 | 0 | 1 | 10 | 120 | 120.00 | 0 | 0 | 0.00 | 1.14 |
| Mythology | 0 | 1 | 0 | 0 | 10 | 71 | 71.00 | 1 | 1 | 3.38 | 6.82 |
| Philosophy | 0 | 1 | 0 | 0 | 10 | 47 | 47.00 | 0 | 1 | 6.18 | 9.72 |